=LDR 00000nam 2200000 4500 =001 INLIS000000000051324 =005 20170912023319 =035 ##$$a 0010-0917000128 =007 ta =008 170912###########################0###### =020 ##$$a 978-602-0862-02-6 =082 ##$$a 297.161 =084 ##$$a 297.161 NUR h =100 #$$a Nurhaeni Arief =245 1#$$a Hewan-Hewan Ajaib dalam Al-Qur'an /$c Nurhaeni Arief =260 ##$$a Yogyakarta :$b Istama Media,$c 2015 =300 ##$$a vi, 236 hlm : $b ilus. ; $c 21 cm =650 ##$$a CERITA-CERITA DALAM AL-QUR'AN =990 ##$$a 1071110711 =990 ##$$a 1071110711 =990 ##$$a 1071110711 =990 ##$$a 1071110711 =990 ##$$a 1071110711 =990 ##$$a 21702666 =990 ##$$a 01201710711 =990 ##$$a 01201710712 =990 ##$$a 01201710713 =990 ##$$a 01201710714 =990 ##$$a 21702667 =990 ##$$a 01201710711 =990 ##$$a 01201710712 =990 ##$$a 01201710713 =990 ##$$a 21702666 =990 ##$$a 21702668 =990 ##$$a 01201710711 =990 ##$$a 01201710712 =990 ##$$a 21702667 =990 ##$$a 21702666 =990 ##$$a 21702669 =990 ##$$a 01201710711 =990 ##$$a 21702668 =990 ##$$a 21702667 =990 ##$$a 21702666 =990 ##$$a 21702670 =990 ##$$a 21702669 =990 ##$$a 21702668 =990 ##$$a 21702667 =990 ##$$a 21702666